[Event "Brezova op"]
[Site "Brezova pod Bradlom"]
[Date "2010.08.22"]
[Round "1"]
[White "Halas, Miroslav"]
[Black "Likavsky, Tomas"]
[Result "0-1"]
[WhiteElo "1943"]
[BlackElo "2440"]
[PlyCount "118"]
[EventDate "2010.08.22"]
[EventType "swiss"]
[EventRounds "9"]
[EventCountry "SVK"]
[SourceTitle "OM OTB B 201907"]
[Source "Opening Master"]
[SourceDate "2019.07.06"]
[SourceVersion "2"]
[SourceVersionDate "2019.07.06"]
[SourceQuality "1"]

1. e4 c5 2. Nf3 d6 3. d4 cxd4 4. Nxd4 Nf6 5. Nc3 Nc6 6. Be2 e5 7. Nf3 h6 8. Be3
Be6 9. Qd2 a6 10. Rd1 b5 11. O-O Rb8 12. a4 bxa4 13. Bxa6 Qa5 14. Qd3 Rxb2 15.
Bb5 Bd7 16. Rb1 a3 17. Na4 Rxb1 18. Rxb1 a2 19. Ra1 Be7 20. Qc4 Nb4 21. Bxd7+
Nxd7 22. c3 Nc2 23. Qc8+ Qd8 24. Qxd8+ Bxd8 25. Rxa2 Nxe3 26. fxe3 Bg5 27. Nxg5
hxg5 28. Nc5 Ke7 29. Nxd7 Kxd7 30. Ra7+ Ke6 31. Rc7 Ra8 32. Kf2 Ra2+ 33. Kg3 g4
34. h3 Re2 35. Kxg4 Rxe3 36. Rc4 g6 37. g3 f5+ 38. exf5+ gxf5+ 39. Kh4 e4 40.
Rc8 Kd7 41. Rc4 Rf3 42. g4 e3 43. gxf5 e2 44. Re4 Rf4+ 45. Rxf4 e1=Q+ 46. Kg4
Qxc3 47. f6 Ke8 48. h4 Kf7 49. h5 Qd3 50. Rf5 Qe3 51. Rf4 Qg1+ 52. Kf5 Qb1+ 53.
Kg4 d5 54. Kf3 Qd3+ 55. Kg4 Qe2+ 56. Kg5 Qc2 57. Kg4 Qh2 58. Kg5 d4 59. Kg4 d3
0-1

[Event "GRAND PRIX BALCANI - Festivalul Interna"]
[Site "?"]
[Date "2010.08.22"]
[Round "?"]
[White "Olinici, Emanuel"]
[Black "Iovcov, Valerii"]
[Result "0-1"]
[WhiteElo "1662"]
[BlackElo "1960"]
[PlyCount "76"]
[EventDate "2010.??.??"]
[SourceTitle "OM OTB B 201907"]
[Source "Opening Master"]
[SourceDate "2019.07.06"]
[SourceVersion "2"]
[SourceVersionDate "2019.07.06"]
[SourceQuality "1"]

1. e4 c5 2. Nf3 d6 3. d4 cxd4 4. Nxd4 Nf6 5. Nc3 Nc6 6. Be2 e5 7. Nb3 Be6 8.
Be3 Be7 9. O-O O-O 10. f3 d5 11. exd5 Nxd5 12. Nxd5 Bxd5 13. c4 Be6 14. Qc2 Nb4
15. Qc3 Qc7 16. Nd2 a5 17. f4 exf4 18. Bxf4 Bd6 19. Qg3 Bxf4 20. Rxf4 Rad8 21.
Ne4 h6 22. Raf1 Kh8 23. Qh4 Qe5 24. Rf6 Kh7 25. R1f3 Rd4 26. Rxh6+ gxh6 27.
Nf6+ Kg7 28. Rg3+ Bg4 29. Nxg4 Rd1+ 30. Bf1 Qd4+ 31. Nf2+ Kh7 32. Rg4 Qb6 33.
Rg3 Qd4 34. Rg4 Qb6 35. Rg3 Rd6 36. a3 Rf6 37. Qe4+ Kh8 38. Qe5 Qxf2+ 0-1

[Event "Harburg-chB 8th"]
[Site "Hamburg"]
[Date "2010.08.21"]
[Round "3"]
[White "Kemeny, Matthias"]
[Black "Schmidt, Jade"]
[Result "1-0"]
[WhiteElo "2044"]
[BlackElo "2028"]
[PlyCount "158"]
[EventDate "2010.08.20"]
[EventType "tourn"]
[EventRounds "5"]
[EventCountry "GER"]
[SourceTitle "OM OTB B 201907"]
[Source "Opening Master"]
[SourceDate "2019.07.06"]
[SourceVersion "2"]
[SourceVersionDate "2019.07.06"]
[SourceQuality "1"]

1. e4 c5 2. Nf3 d6 3. d4 cxd4 4. Nxd4 Nf6 5. Nc3 Nc6 6. Be2 e5 7. Nf3 h6 8. O-O
Be7 9. h3 O-O 10. Be3 Be6 11. Nh2 d5 12. exd5 Nxd5 13. Nxd5 Qxd5 14. c4 Qxd1
15. Raxd1 Rfd8 16. b3 Rac8 17. Bf3 b6 18. Rxd8+ Bxd8 19. Rd1 Be7 20. Bd5 Rd8
21. Nf3 Bf6 22. Rc1 Bxd5 23. cxd5 Nd4 24. Rc7 Nb5 25. Rb7 Rxd5 26. a4 Nd4 27.
Nd2 Nc2 28. Nc4 Rd1+ 29. Kh2 Nxe3 30. fxe3 Rb1 31. Rxa7 Rxb3 32. Rb7 Bg5 33.
Rxb6 Rc3 34. Rb8+ Kh7 35. Rc8 Bxe3 36. a5 Bf4+ 37. Kg1 Bg3 38. Kf1 Rc2 39. a6
e4 40. a7 e3 41. Rh8+ Kg6 42. Nxe3 Rf2+ 43. Kg1 Ra2 44. a8=Q Bf2+ 45. Kh2 Rxa8
46. Rxa8 Bxe3 47. Kg3 h5 48. Ra6+ f6 49. Kf3 Bd4 50. Rd6 Be5 51. Rd7 Kh6 52.
Ke4 Kg6 53. Rd8 Bc3 54. Kd5 Be5 55. Ke6 Bc3 56. Rd3 Be5 57. Ke7 h4 58. Kf8 f5
59. Ke7 Kg5 60. Ke6 Bb2 61. Rd5 g6 62. Kf7 Kh5 63. Rb5 Bc3 64. Rb6 g5 65. Rb5
Bd4 66. Rxf5 Be3 67. Ke6 Kg6 68. Rf8 Kg7 69. Rc8 Bf4 70. Kf5 Be3 71. Rc6 Bd2
72. Rg6+ Kh7 73. Rxg5 Kh6 74. Rg6+ Kh5 75. Rg8 Bh6 76. Kf6 Bf4 77. Rh8+ Bh6 78.
Rg8 Bf4 79. Rg4 Be3 1-0

[Event "URU-chT Serie-A"]
[Site "Trinidad"]
[Date "2010.08.20"]
[Round "1"]
[White "Perez, Alfonso1"]
[Black "Coppola, Claudio"]
[Result "0-1"]
[WhiteElo "2167"]
[BlackElo "2111"]
[PlyCount "46"]
[EventDate "2010.08.??"]
[EventType "team-tourn"]
[EventRounds "6"]
[EventCountry "URU"]
[SourceTitle "OM OTB B 201907"]
[Source "Opening Master"]
[SourceDate "2019.07.06"]
[SourceVersion "2"]
[SourceVersionDate "2019.07.06"]
[SourceQuality "1"]

1. e4 c5 2. Nf3 d6 3. d4 cxd4 4. Nxd4 Nf6 5. Nc3 Nc6 6. Be2 e5 7. Nb3 Be7 8.
O-O O-O 9. f4 a5 10. a4 Nb4 11. Kh1 Be6 12. g4 Rc8 13. g5 Nxe4 14. Nxe4 Nxc2
15. Bd3 Bxb3 16. Qh5 g6 17. Qh6 Nxa1 18. f5 Re8 19. fxg6 fxg6 20. Be3 Rf8 21.
Rxa1 Bc2 22. Bxc2 Rxc2 23. Ng3 Qc8 0-1

[Event "Novokuznetsk Goryainov op"]
[Site "Novokuznetsk"]
[Date "2010.08.17"]
[Round "6"]
[White "Sitnikov, Dmitrij"]
[Black "Sergeev, Albert"]
[Result "1-0"]
[WhiteElo "2423"]
[BlackElo "2349"]
[PlyCount "109"]
[EventDate "2010.08.12"]
[EventType "swiss"]
[EventRounds "9"]
[EventCountry "RUS"]
[SourceTitle "OM OTB B 201907"]
[Source "Opening Master"]
[SourceDate "2019.07.06"]
[SourceVersion "2"]
[SourceVersionDate "2019.07.06"]
[SourceQuality "1"]

1. e4 c5 2. Nf3 Nc6 3. d4 cxd4 4. Nxd4 Nf6 5. Nc3 d6 6. Be2 e5 7. Nf3 h6 8. O-O
Be7 9. Re1 O-O 10. h3 Be6 11. Bf1 Nb8 12. Nd5 Nxd5 13. exd5 Bf5 14. a4 a5 15.
Bb5 Nd7 16. Nd2 Bg5 17. Nc4 Bxc1 18. Rxc1 Nc5 19. Qd2 Bg6 20. f4 e4 21. Qd4 f5
22. Re3 Rf6 23. Rc3 Bf7 24. Re1 Rc8 25. Ree3 g5 26. fxg5 hxg5 27. Nxa5 f4 28.
Re1 Rf5 29. b4 Rxd5 30. Qf2 e3 31. Qf3 Re5 32. Nc4 Nxa4 33. Nxe5 Nxc3 34. Nxf7
Kxf7 35. Qh5+ Kf6 36. Qh6+ Ke5 37. Qg7+ Qf6 38. Qxb7 Qd8 39. Bd3 Qc7 40. Qf3
Kd4 41. Qg4 d5 42. Qxg5 Rf8 43. Qh6 Rf7 44. h4 Qd8 45. Qc6 Qe7 46. Qb6+ Ke5 47.
Qb8+ Kd4 48. Qh8+ Qf6 49. Qh5 Rg7 50. Rf1 Rg3 51. Kh2 Rg8 52. Kg1 Rh8 53. Rxf4+
Qxf4 54. Qxh8+ Qe5 55. Qxe5+ 1-0

[Event "Novokuznetsk Goryainov op"]
[Site "Novokuznetsk"]
[Date "2010.08.16"]
[Round "5"]
[White "Alfinov, Vladimir"]
[Black "Epifantsev, Igor"]
[Result "0-1"]
[WhiteElo "2312"]
[BlackElo "2210"]
[PlyCount "52"]
[EventDate "2010.08.12"]
[EventType "swiss"]
[EventRounds "9"]
[EventCountry "RUS"]
[SourceTitle "OM OTB B 201907"]
[Source "Opening Master"]
[SourceDate "2019.07.06"]
[SourceVersion "2"]
[SourceVersionDate "2019.07.06"]
[SourceQuality "1"]

1. e4 c5 2. Nf3 d6 3. d4 cxd4 4. Nxd4 Nf6 5. Nc3 Nc6 6. Be2 e5 7. Ndb5 a6 8.
Na3 b5 9. Nd5 Nxe4 10. Bf3 f5 11. O-O Be7 12. Nc3 Be6 13. Nxe4 fxe4 14. Bxe4 d5
15. Bd3 e4 16. Be2 b4 17. Nb1 O-O 18. Bg4 Qd7 19. Bxe6+ Qxe6 20. Be3 Qe5 21.
Qg4 d4 22. f4 Qc5 23. Bf2 e3 24. Bg3 Qxc2 25. Na3 bxa3 26. Rac1 Qe4 0-1

[Event "Cup Governor's (juniors)"]
[Site "Satka (Russia)"]
[Date "2010.08.16"]
[Round "1"]
[White "Gabaidulina, Olga"]
[Black "Baigildin, Albert"]
[Result "0-1"]
[WhiteElo "1895"]
[BlackElo "2085"]
[PlyCount "62"]
[EventDate "2010.??.??"]
[EventRounds "9"]
[SourceTitle "OM OTB B 201907"]
[Source "Opening Master"]
[SourceDate "2019.07.06"]
[SourceVersion "2"]
[SourceVersionDate "2019.07.06"]
[SourceQuality "1"]

1. e4 c5 2. Nf3 Nc6 3. d4 cxd4 4. Nxd4 Nf6 5. Nc3 d6 6. Be2 e5 7. Nb3 Be6 8.
Be3 Be7 9. O-O O-O 10. f4 exf4 11. Bxf4 d5 12. exd5 Nxd5 13. Nxd5 Bxd5 14. Bf3
Qb6+ 15. Kh1 Bc4 16. Re1 Rad8 17. Qc1 Bf6 18. Be3 Qc7 19. Nd2 Be6 20. Ne4 Be5
21. h3 Nd4 22. Bxd4 Rxd4 23. c3 Rd7 24. Qe3 Bf4 25. Qxa7 Bd5 26. Nc5 Bxf3 27.
Nxd7 Qxd7 28. gxf3 Qxh3+ 29. Kg1 Bh2+ 30. Kf2 Bg3+ 31. Ke2 Qg2+ 0-1

[Event "Paks open"]
[Site "Paks"]
[Date "2010.08.15"]
[Round "7.5"]
[White "Szurovszky, Elek"]
[Black "Pataki, Gyozo"]
[Result "0-1"]
[WhiteElo "2132"]
[BlackElo "2337"]
[PlyCount "103"]
[EventDate "2010.08.11"]
[EventRounds "7"]
[EventCountry "HUN"]
[SourceTitle "OM OTB B 201907"]
[Source "Opening Master"]
[SourceDate "2019.07.06"]
[SourceVersion "2"]
[SourceVersionDate "2019.07.06"]
[SourceQuality "1"]

1. e4 c5 2. Nf3 Nc6 3. d4 cxd4 4. Nxd4 Nf6 5. Nc3 d6 6. Be2 e5 7. Nb3 Be7 8.
Be3 Be6 9. f4 exf4 10. Bxf4 O-O 11. O-O Rc8 12. Kh1 a6 13. Nd4 Qb6 14. Nxe6
fxe6 15. Bc4 Nd8 16. Bb3 Rxc3 17. bxc3 Nxe4 18. Qe2 d5 19. Be3 Qc7 20. Rxf8+
Bxf8 21. c4 Qe5 22. Re1 Bb4 23. Rf1 Bd6 24. g3 d4 25. Kg2 Nc3 26. Qd3 dxe3 27.
c5 e2 28. Re1 Qxc5 29. Bc4 Qe5 30. Qf3 Nc6 31. Bxe2 Nxe2 32. Rxe2 Qd5 33. Qxd5
exd5 34. c3 Kf7 35. Kf1 Be5 36. Re3 Ke6 37. Ke2 Na5 38. Kd3 Nc4 39. Rf3 Bf6 40.
Rf1 Nb2+ 41. Kc2 Na4 42. g4 h6 43. h4 Bxh4 44. Rf8 Bf6 45. Rb8 Nc5 46. a4 Nxa4
47. Rxb7 Nxc3 48. g5 hxg5 49. Rb6+ Kf5 50. Rxa6 Ke4 51. Kd2 g4 52. Ke1 0-1

[Event "ChampionshipRussia"]
[Site "?"]
[Date "2010.08.15"]
[Round "?"]
[White "Gerasimova, Olga"]
[Black "Eremin, Anatoly"]
[Result "1/2-1/2"]
[WhiteElo "2220"]
[BlackElo "2249"]
[PlyCount "63"]
[EventDate "2010.??.??"]
[SourceTitle "OM OTB B 201907"]
[Source "Opening Master"]
[SourceDate "2019.07.06"]
[SourceVersion "2"]
[SourceVersionDate "2019.07.06"]
[SourceQuality "1"]

1. e4 c5 2. Nf3 Nc6 3. d4 cxd4 4. Nxd4 Nf6 5. Nc3 d6 6. Be2 e5 7. Nb3 Be7 8.
O-O Be6 9. Be3 a6 10. f3 O-O 11. Nd5 Bxd5 12. exd5 Nb8 13. f4 Nbd7 14. c4 Rc8
15. Rc1 b6 16. Nd2 a5 17. b3 exf4 18. Bxf4 Ne5 19. Nf3 Ng6 20. Be3 Nd7 21. Nd4
Nde5 22. Qd2 Re8 23. g3 Rb8 24. Kg2 Rb7 25. h3 Qd7 26. Rf2 Bf8 27. a4 Qc8 28.
Rcf1 Rbe7 29. Nf5 Rb7 30. Nd4 Rbe7 31. Nf5 Rb7 32. Nd4 1/2-1/2

[Event "Figueres op 11th"]
[Site "Figueres"]
[Date "2010.08.14"]
[Round "5"]
[White "Ruiz Font, Elisabet"]
[Black "Lillo Castany, Victor"]
[Result "0-1"]
[WhiteElo "1899"]
[BlackElo "2284"]
[PlyCount "54"]
[EventDate "2010.08.11"]
[EventType "swiss"]
[EventRounds "9"]
[EventCountry "ESP"]
[SourceTitle "OM OTB B 201907"]
[Source "Opening Master"]
[SourceDate "2019.07.06"]
[SourceVersion "2"]
[SourceVersionDate "2019.07.06"]
[SourceQuality "1"]

1. e4 c5 2. Nf3 d6 3. d4 Nf6 4. Nc3 cxd4 5. Nxd4 Nc6 6. Be2 e5 7. Nb3 Be7 8.
Be3 O-O 9. f3 a5 10. Na4 d5 11. Nb6 d4 12. Nxa8 a4 13. Nd2 dxe3 14. Nc4 Nd7 15.
c3 b5 16. Nd6 Ba6 17. Nxb5 Qxa8 18. Qxd7 Rd8 19. Qg4 Rd2 20. Rb1 Rxe2+ 21. Kxe2
Bxb5+ 22. Ke1 Nd4 23. Rc1 Ne6 24. g3 Bc4 25. Rd1 g6 26. h4 Nc5 27. h5 Be6 0-1

[Event "FRA-chA 85th"]
[Site "Belfort"]
[Date "2010.08.12"]
[Round "4"]
[White "Degraeve, Jean Marc"]
[Black "Hamdouchi, Hicham"]
[Result "1-0"]
[WhiteElo "2569"]
[BlackElo "2600"]
[PlyCount "73"]
[EventDate "2010.08.09"]
[EventType "tourn"]
[EventRounds "11"]
[EventCountry "FRA"]
[EventCategory "14"]
[SourceTitle "OM OTB B 201907"]
[Source "Opening Master"]
[SourceDate "2019.07.06"]
[SourceVersion "2"]
[SourceVersionDate "2019.07.06"]
[SourceQuality "1"]

1. e4 c5 2. Nf3 d6 3. d4 cxd4 4. Nxd4 Nf6 5. Nc3 Nc6 6. Be2 e5 7. Nf3 h6 8. O-O
Be7 9. Re1 O-O 10. Bf1 a6 11. h3 b5 12. a3 Bb7 13. b4 Rc8 14. Bb2 Nb8 15. a4
bxa4 16. Rxa4 Qd7 17. Ra1 Qe6 18. Nd2 Rfd8 19. Na4 d5 20. exd5 Nxd5 21. Bxe5
Qc6 22. c3 Qg6 23. Nc5 Bxc5 24. bxc5 Nd7 25. Qb1 Qxb1 26. Raxb1 Nxe5 27. Rxe5
Rc7 28. Ne4 Nf4 29. Nd6 Bc6 30. Rf5 Nd5 31. Bc4 Nf6 32. Rb6 Bb5 33. Bxb5 axb5
34. Nxb5 Rcc8 35. c6 Rd1+ 36. Kh2 Rb1 37. Nd6 1-0

[Event "FRA-chB 85th"]
[Site "Belfort"]
[Date "2010.08.11"]
[Round "3"]
[White "Apicella, Manuel"]
[Black "Bailet, Pierre"]
[Result "1-0"]
[WhiteElo "2529"]
[BlackElo "2425"]
[PlyCount "98"]
[EventDate "2010.08.09"]
[EventType "tourn"]
[EventRounds "11"]
[EventCountry "FRA"]
[EventCategory "9"]
[SourceTitle "OM OTB B 201907"]
[Source "Opening Master"]
[SourceDate "2019.07.06"]
[SourceVersion "2"]
[SourceVersionDate "2019.07.06"]
[SourceQuality "1"]

1. e4 c5 2. Nf3 d6 3. d4 cxd4 4. Nxd4 Nf6 5. Nc3 Nc6 6. Be2 e5 7. Nf3 Be7 8.
O-O O-O 9. b3 h6 10. Re1 Be6 11. Bb2 Rc8 12. h3 Nb8 13. Bf1 Nbd7 14. a4 Nc5 15.
Nd2 Bd7 16. Bb5 Bc6 17. Bxc6 bxc6 18. Nc4 Ne6 19. Ba3 Nd4 20. Ne2 c5 21. Ng3
Rb8 22. Rb1 g6 23. Bc1 Kg7 24. Be3 Re8 25. Qd2 h5 26. Bg5 Ng8 27. Bxe7 Qxe7 28.
c3 Nxb3 29. Qxd6 Qxd6 30. Nxd6 Red8 31. Nc4 f6 32. Rb2 Rb7 33. Reb1 Rdb8 34.
Rd1 Ne7 35. Nf1 Nc1 36. Rbd2 Rb1 37. Nfe3 Ra1 38. Rd7 Kf8 39. Kh2 Rbb1 40. Rxa7
Ne2 41. Rxb1 Rxb1 42. Nd5 Nxd5 43. exd5 Nxc3 44. d6 Rd1 45. d7 Ke7 46. Nb6 c4
47. Rc7 Rd4 48. Rc8 Nxa4 49. Nxa4 Kxd7 1-0

[Event "FRM-chT 19th"]
[Site "Struga"]
[Date "2010.08.10"]
[Round "2"]
[White "Sadiki, Nedzmedin"]
[Black "Gochev, Mladen"]
[Result "1/2-1/2"]
[WhiteElo "2171"]
[BlackElo "2227"]
[PlyCount "48"]
[EventDate "2010.08.09"]
[EventType "team"]
[EventRounds "7"]
[EventCountry "MKD"]
[SourceTitle "OM OTB B 201907"]
[Source "Opening Master"]
[SourceDate "2019.07.06"]
[SourceVersion "2"]
[SourceVersionDate "2019.07.06"]
[SourceQuality "1"]

1. e4 c5 2. Nf3 Nc6 3. d4 cxd4 4. Nxd4 Nf6 5. Nc3 d6 6. Be2 e5 7. Nb3 Be7 8.
Bg5 Nxe4 9. Nxe4 Bxg5 10. Nxg5 Qxg5 11. Qxd6 Qxg2 12. O-O-O Qg5+ 13. Rd2 Qe7
14. Bb5 Qxd6 15. Rxd6 Ke7 16. Rd5 f6 17. Bxc6 bxc6 18. Rc5 Bd7 19. Na5 Rhc8 20.
a4 Rab8 21. c3 Rb6 22. Re1 Be6 23. b4 g5 24. Rd1 h5 1/2-1/2

[Event "RUS-chT U20"]
[Site "Rybinsk"]
[Date "2010.08.09"]
[Round "8"]
[White "Repina, Varvara"]
[Black "Bazeev, German"]
[Result "1-0"]
[WhiteElo "2298"]
[BlackElo "2342"]
[PlyCount "69"]
[EventDate "2010.08.02"]
[EventType "team-swiss"]
[EventRounds "9"]
[EventCountry "RUS"]
[SourceTitle "OM OTB B 201907"]
[Source "Opening Master"]
[SourceDate "2019.07.06"]
[SourceVersion "2"]
[SourceVersionDate "2019.07.06"]
[SourceQuality "1"]

1. e4 c5 2. Nf3 d6 3. d4 cxd4 4. Nxd4 Nf6 5. Nc3 Nc6 6. Be2 e5 7. Nf3 h6 8. O-O
Be7 9. h3 O-O 10. Re1 Be6 11. Bf1 Qd7 12. b3 Bd8 13. Nd5 Bxd5 14. exd5 Ne7 15.
c4 Bb6 16. Bb2 Ng6 17. Rc1 Rfe8 18. b4 e4 19. Nd4 Re5 20. c5 dxc5 21. bxc5 Ba5
22. c6 bxc6 23. dxc6 Qc8 24. Re3 Rg5 25. Nb5 Nd5 26. Rxe4 Ngf4 27. Qf3 a6 28.
Nd6 Nxh3+ 29. Kh1 Qc7 30. Ba3 Rd8 31. gxh3 Nf6 32. Rec4 Bb6 33. Ne4 Nxe4 34.
Rxe4 Re5 35. Bb2 1-0

[Event "Arctic Chess Challenge"]
[Site "Tromsoe"]
[Date "2010.08.08"]
[Round "9"]
[White "Sahl, Sheila Barth"]
[Black "Dworakowska, Joanna"]
[Result "1-0"]
[WhiteElo "2156"]
[BlackElo "2338"]
[PlyCount "79"]
[EventDate "2010.07.31"]
[EventType "swiss"]
[EventRounds "9"]
[EventCountry "NOR"]
[SourceTitle "OM OTB B 201907"]
[Source "Opening Master"]
[SourceDate "2019.07.06"]
[SourceVersion "2"]
[SourceVersionDate "2019.07.06"]
[SourceQuality "1"]

1. e4 c5 2. Nf3 Nc6 3. d4 cxd4 4. Nxd4 Nf6 5. Nc3 d6 6. Be2 e5 7. Nb3 Be7 8.
Be3 a5 9. a4 Nb4 10. Bb5+ Bd7 11. O-O h6 12. Qe2 O-O 13. Rfd1 Bc6 14. f3 Qc7
15. Qf2 d5 16. Bb6 Qc8 17. exd5 Bxd5 18. Kh1 Bxb3 19. cxb3 Qf5 20. Rd2 h5 21.
Re1 Nc6 22. Bc5 Rfe8 23. Bxe7 Rxe7 24. Bxc6 bxc6 25. Qc5 Rae8 26. Ne4 Nxe4 27.
fxe4 Qe6 28. b4 axb4 29. Qxb4 Qc8 30. h3 c5 31. Qc4 Rb7 32. Rf1 Qc6 33. Rc2
Ree7 34. Rff2 Red7 35. Rfd2 Rxd2 36. Rxd2 Rb4 37. Rd8+ Kh7 38. Qxf7 Rb7 39.
Qf5+ g6 40. Qf8 1-0

[Event "GIAI VO DICH CO VUA CAC DAU THU MANH TO"]
[Site "?"]
[Date "2010.08.08"]
[Round "1.1"]
[White "Nguyen, Marc Antoine"]
[Black "Nguyen, Thien Viet"]
[Result "1-0"]
[WhiteElo "2158"]
[BlackElo "2315"]
[PlyCount "147"]
[EventDate "2010.??.??"]
[SourceTitle "OM OTB B 201907"]
[Source "Opening Master"]
[SourceDate "2019.07.06"]
[SourceVersion "2"]
[SourceVersionDate "2019.07.06"]
[SourceQuality "1"]

1. e4 c5 2. Nf3 Nc6 3. d4 cxd4 4. Nxd4 Nf6 5. Nc3 d6 6. Be2 e5 7. Nb3 Be7 8.
O-O O-O 9. f4 a5 10. a4 Nb4 11. Bf3 Be6 12. Be3 exf4 13. Bf2 Nd7 14. Ne2 Bc4
15. Re1 Bf6 16. Nbd4 Be5 17. Qd2 Qf6 18. Rac1 Nc5 19. b3 Be6 20. Nb5 Rad8 21.
Red1 g5 22. h3 Kg7 23. Ned4 Rh8 24. Qe2 Bc8 25. Bg4 Be6 26. Nf3 Bxg4 27. hxg4
Nc6 28. Rd5 b6 29. Rcd1 Rhe8 30. Nxe5 Nxe5 31. Nxd6 Rxd6 32. Rxd6 f3 33. gxf3
Qf4 34. Bd4 Ne6 35. Bxe5+ Qxe5 36. Qh2 Qc3 37. R6d3 Qf6 38. e5 Qe7 39. Rd6 Qc7
40. Kh1 Qc3 41. R6d3 Qc6 42. Rf1 Qc5 43. Rd6 Kg8 44. Rfd1 Qc3 45. R6d3 Qc6 46.
Qd2 Nf4 47. Rc3 Qh6+ 48. Qh2 Qe6 49. Re3 Qc6 50. Rd6 Qc5 51. Qd2 Ne6 52. Qc3
Qa3 53. Re1 Rb8 54. Ra1 Qc5 55. Qxc5 Nxc5 56. Rad1 Kg7 57. Rc6 Ne6 58. Rd7 Kg8
59. Rdd6 b5 60. Rb6 Rc8 61. Rbc6 Rb8 62. Rb6 Rc8 63. Rdc6 Rd8 64. axb5 Rd1+ 65.
Kg2 Rd2+ 66. Kf1 Nf4 67. Rb8+ Kg7 68. b6 Rd1+ 69. Kf2 Rd2+ 70. Ke3 Re2+ 71. Kd4
Rd2+ 72. Kc3 Rd7 73. Rd6 Re7 74. b7 1-0

[Event "Rudenko Memorial (Women)"]
[Site "Poltava"]
[Date "2010.08.05"]
[Round "5"]
[White "Aslanian, Ludmila K"]
[Black "Kalinina, Larisa"]
[Result "0-1"]
[WhiteElo "2140"]
[BlackElo "2160"]
[PlyCount "62"]
[EventDate "2010.08.03"]
[EventType "tourn"]
[EventRounds "11"]
[EventCountry "UKR"]
[SourceTitle "OM OTB B 201907"]
[Source "Opening Master"]
[SourceDate "2019.07.06"]
[SourceVersion "2"]
[SourceVersionDate "2019.07.06"]
[SourceQuality "1"]

1. e4 c5 2. Nf3 Nc6 3. d4 cxd4 4. Nxd4 Nf6 5. Nc3 d6 6. Be2 e5 7. Nb3 a5 8. a4
Be7 9. O-O O-O 10. f4 exf4 11. Bxf4 Be6 12. Kh1 d5 13. e5 Ne4 14. Bd3 f5 15.
exf6 Nxf6 16. Nb5 Bg4 17. Be2 Bxe2 18. Qxe2 Ne4 19. Nd2 Nc5 20. Qg4 Rf7 21. Nf3
h5 22. Qxh5 Rxf4 23. Rad1 Ne4 24. g3 Rf6 25. Rxd5 Qe8 26. Qg4 Qg6 27. Qxg6 Rxg6
28. Rd7 Rf8 29. Rxb7 Rgf6 30. Kg2 Bd8 31. c3 Nc5 0-1

[Event "EU Union-ch U14 8th"]
[Site "Mureck"]
[Date "2010.08.04"]
[Round "1"]
[White "Oliveira, Maria Ines"]
[Black "Bida, Mihai Eugen"]
[Result "0-1"]
[WhiteElo "1690"]
[BlackElo "2036"]
[PlyCount "102"]
[EventDate "2010.08.04"]
[EventType "swiss"]
[EventRounds "9"]
[EventCountry "AUT"]
[SourceTitle "OM OTB B 201907"]
[Source "Opening Master"]
[SourceDate "2019.07.06"]
[SourceVersion "2"]
[SourceVersionDate "2019.07.06"]
[SourceQuality "1"]

1. e4 c5 2. Nf3 Nc6 3. d4 cxd4 4. Nxd4 Nf6 5. Nc3 d6 6. Be2 e5 7. Nb3 Be7 8.
O-O O-O 9. Bg5 Be6 10. Qd2 a5 11. Bxf6 Bxf6 12. Nd5 Bg5 13. Qd1 a4 14. Nd2 f5
15. f3 Nd4 16. Bd3 fxe4 17. fxe4 Qa5 18. Nc4 Qc5 19. Kh1 Rxf1+ 20. Bxf1 Rf8 21.
Bd3 g6 22. Nce3 Kg7 23. Qg1 Nc6 24. c3 Ne7 25. Nxe7 Bxe7 26. Qd1 Bg5 27. Nd5
Bxd5 28. exd5 Qxd5 29. Qe2 Qe6 30. c4 Rf4 31. Rf1 Qf6 32. g3 Rxf1+ 33. Qxf1
Qxf1+ 34. Bxf1 Bc1 35. b3 a3 36. Bd3 Kf6 37. Kg2 b6 38. Kf3 Ke6 39. Be4 Bd2 40.
Bd5+ Kf5 41. Be4+ Kg5 42. Bd5 Bb4 43. Be4 Kf6 44. Bd5 h5 45. h3 Be1 46. Be4 g5
47. Bd5 Ke7 48. g4 h4 49. Ke4 Kd7 50. Kd3 Kc7 51. Kc2 Kd7 0-1

[Event "Pan American U14"]
[Site "Bento Goncalves"]
[Date "2010.08.03"]
[Round "2"]
[White "Melo Reda, Caique"]
[Black "Vazquez, Guillermo"]
[Result "0-1"]
[WhiteElo "1889"]
[BlackElo "2084"]
[PlyCount "162"]
[EventDate "2010.08.02"]
[EventType "swiss"]
[EventRounds "9"]
[EventCountry "BRA"]
[SourceTitle "OM OTB B 201907"]
[Source "Opening Master"]
[SourceDate "2019.07.06"]
[SourceVersion "2"]
[SourceVersionDate "2019.07.06"]
[SourceQuality "1"]

1. e4 c5 2. Nf3 Nc6 3. Nc3 Nf6 4. d4 cxd4 5. Nxd4 d6 6. Be2 e5 7. Nb3 Be7 8.
O-O O-O 9. Be3 a5 10. a4 Nb4 11. f4 Bd7 12. Bf3 Qc7 13. Rc1 Bc6 14. Qe2 d5 15.
exd5 Nfxd5 16. Nxd5 Nxd5 17. fxe5 Qxe5 18. Rfe1 Qxe3+ 19. Qxe3 Nxe3 20. Bxc6
bxc6 21. Rxe3 Bg5 22. Rc3 Bxc1 23. Nxc1 Rfe8 24. Nd3 Re6 25. Rc5 Kf8 26. Nf4
Rd6 27. Kf2 Ke7 28. Kf3 Rf6 29. Kg3 Kd6 30. Rc3 Re8 31. Rd3+ Kc5 32. Rc3+ Kd6
33. Rd3+ Kc7 34. Rc3 Re5 35. h4 g5 36. hxg5 Rxg5+ 37. Kf3 Kd6 38. Rd3+ Kc5 39.
g3 h5 40. Ke4 Rd6 41. Rc3+ Kb6 42. Rb3+ Kc7 43. Rc3 Rd1 44. Rf3 Kd6 45. Nd3
Rg4+ 46. Ke3 Ke7 47. Nf4 Re1+ 48. Kf2 Re5 49. Nd3 Reg5 50. b3 Ke6 51. Re3+ Kd5
52. Nf4+ Kc5 53. Nd3+ Kd4 54. c3+ Kxc3 55. Ne5+ Kb2 56. Nxg4 Rf5+ 57. Ke2 hxg4
58. Rd3 Rf3 59. Rd6 Kxb3 60. Rxc6 f5 61. Rc5 Kxa4 62. Rd5 Kb4 63. Re5 a4 64.
Re8 a3 65. Rb8+ Kc4 66. Rc8+ Kb3 67. Rb8+ Kc2 68. Ra8 Kb2 69. Rb8+ Rb3 70. Rd8
a2 71. Rd2+ Ka3 72. Rd1 Rb1 73. Rd3+ Kb4 74. Rd8 a1=Q 75. Rb8+ Kc5 76. Rc8+ Kd6
77. Rd8+ Ke7 78. Rd3 Re1+ 79. Kf2 Rf1+ 80. Kg2 Rg1+ 81. Kh2 Rh1+ 0-1

[Event "Pardubice Czech op 21st"]
[Site "Pardubice"]
[Date "2010.07.30"]
[Round "8"]
[White "Nithander, Victor"]
[Black "Rogule, Laura"]
[Result "1-0"]
[WhiteElo "2409"]
[BlackElo "2305"]
[PlyCount "131"]
[EventDate "2010.07.23"]
[EventType "swiss"]
[EventRounds "9"]
[EventCountry "CZE"]
[SourceTitle "OM OTB B 201907"]
[Source "Opening Master"]
[SourceDate "2019.07.06"]
[SourceVersion "2"]
[SourceVersionDate "2019.07.06"]
[SourceQuality "1"]

1. e4 c5 2. Nf3 d6 3. d4 cxd4 4. Nxd4 Nf6 5. Nc3 Nc6 6. Be2 e5 7. Nb3 Be7 8.
O-O O-O 9. f4 a5 10. a4 Nb4 11. Be3 Qc7 12. Bf3 Be6 13. Rf2 Bc4 14. Nd2 Ba6 15.
Nf1 d5 16. fxe5 Nxe4 17. Nxe4 dxe4 18. Bxe4 Rad8 19. Qh5 g6 20. Qf3 Qxe5 21.
Re1 f5 22. Bxb7 Bxb7 23. Qxb7 Bh4 24. g3 Bf6 25. Rfe2 Rf7 26. Qf3 Qxb2 27. Bh6
Qd4+ 28. Kg2 Qd7 29. Rd2 Qc8 30. c3 Rxd2+ 31. Nxd2 Nc6 32. Nc4 Re7 33. Qd5+ Kh8
34. Qd6 Bg5 35. Rxe7 Bxe7 36. Qd5 Qe8 37. Ne5 Nd8 38. Nd7 Qf7 39. Qxa5 Bf6 40.
Nxf6 Qxf6 41. h4 Qc6+ 42. Kg1 Nf7 43. Qb5 Qc8 44. Bd2 Qc7 45. Qd3 h6 46. Bf4
Qe7 47. a5 g5 48. hxg5 hxg5 49. Be3 Qc7 50. Bd4+ Kg8 51. a6 Nd6 52. a7 Qa5 53.
Qb1 Kf7 54. Qb3+ Ke7 55. Qd1 Ne4 56. Qb1 Qa6 57. Qf1 Qa5 58. Qe1 Qa2 59. g4 Ke6
60. gxf5+ Kxf5 61. Qf1+ Kg6 62. Qd1 Kh6 63. Qf3 Qa1+ 64. Qf1 Qa2 65. Qf8+ Kg6
66. a8=Q 1-0